000 00337nam a22001457a 4500
008 230912b ||||| |||| 00| 0 eng d
020 _a9780442263645
041 _aeng
080 _a521
082 _a521MAR
100 _a19
101 _aASTRO
245 _aTHE ASTRONOMY AND ASTROPHYSICS ENCYCLOPEDIA
_cMARAN.P.S
942 _2udc
_cBK
999 _c60341
_d60341